000 00753nam a22002057a 4500
999 _c6009
_d6009
003 AR-CdUCM
008 190313b ||||| |||| 00| 0 spa d
040 _aMUNICIPALIDAD PROVINCIAL DEL CUSCO
_cBIBLIOTECA MUNICIPAL DEL CUSCO
082 _a101 /
_bL85
100 _aLombardo Toledano, Vicente
_917581
245 _aEscritos filosoficos /
260 _aMéxico :
_bMéxico nuevo,
_c1937.
300 _a224 páginas ;
_c23 cm.
500 _aDonación familia Nieto.
505 _aContenido: Apostillas sobre Platón -- La teoría del justo medio y el materialismo dialéctico -- Lógica del mundo inmovil -- Tesis sobre el devenir -- Sobre el cieno ...
650 _aFilosofía
_9395
650 _aMéxico
_918
942 _2ddc
_cLIBROS
945 _aafb